000
00232 a2200097 4500
001
11035
100
_a
M. Arif
245
_a
Economics of Growth and Basic needs in Pakistan
260
_a
_b
Progressive Book
_c
090
_c
8601
_d
8601
942
_a
NUST-CAE
_c
M
_c
35380
999
_c
246108
_d
246108